US States Quiz - Alphabetical Order - Statistics

General Stats
  • This quiz has been taken 48 times
    37 since last reset
  • The average score is 28 of 50
Answers on the Map
Answers color-coded by a green-red scale on the quiz's map according to % correct below.
 
Answer Stats
State % Correct
Alabama
96%
Alaska
92%
Arizona
85%
Arkansas
81%
California
73%
Colorado
73%
Connecticut
69%
Delaware
69%
Florida
65%
Georgia
65%
Idaho
65%
Illinois
65%
Indiana
65%
Iowa
65%
Hawaii
62%
Kansas
62%
Kentucky
62%
Louisiana
58%
Maine
58%
Maryland
58%
Massachusetts
58%
Michigan
58%
Montana
58%
Minnesota
54%
Mississippi
54%
Missouri
54%
Nebraska
54%
Nevada
54%
New Hampshire
54%
New Jersey
54%
New Mexico
54%
New York
50%
North Carolina
50%
Virginia
50%
West Virginia
50%
Washington
46%
Wisconsin
46%
Wyoming
46%
North Dakota
42%
Ohio
42%
Oklahoma
42%
Oregon
42%
Pennsylvania
42%
Rhode Island
42%
South Carolina
42%
South Dakota
42%
Tennessee
42%
Texas
42%
Utah
42%
Vermont
42%
No matching quizzes found
Score Distribution
Percent of People with Each Score
Percentile by Number Answered
Your Score History
You have not taken this quiz since the last reset